| 000 | 00482cam a2200205ua 4500 | ||
|---|---|---|---|
| 001 | 4034 | ||
| 005 | 20260515113754.0 | ||
| 008 | 111213n ii |||gr||||Z||||||asm | ||
| 020 | _a81-85905-54-1 | ||
| 040 | _cMAIN | ||
| 082 | _a891.4511 | ||
| 100 | 1 | _aKumar, Nilim, | |
| 245 | 1 | 1 |
_aSaluwoi gadhuli _cby Nilim Kumar |
| 250 | _a1st. | ||
| 260 |
_aGuwahati: _bStudents stores,993. |
||
| 300 |
_a64p: _c23cm. |
||
| 653 | _aAssamese poem | ||
| 653 | _aSaluwoi gadhuli | ||
| 942 | _cBK | ||
| 999 |
_c3854 _d3854 |
||